[Event "42. Torneo Internacional de La Roda"]
[Site "La Roda ESP"]
[Date "2015.04.02"]
[Round "3.7"]
[White "Adla, Diego"]
[Black "Moreno Ibanez, Miguel"]
[Result "1-0"]
[WhiteElo "2451"]
[BlackElo "2210"]
[PlyCount "101"]
[EventDate "2015.04.01"]
[EventType "swiss"]
[EventRounds "9"]
[EventCountry "ESP"]
[Source "lmi"]
[SourceDate "2015.04.01"]

1. c4 g6 2. d4 Bg7 3. Nc3 Nf6 4. Nf3 O-O 5. Bg5 d6 6. e3 c5 7. d5 b5 8. cxb5 a6
9. Nd2 Bb7 10. e4 h6 11. Be3 Nbd7 12. bxa6 Bxa6 13. Bxa6 Rxa6 14. O-O Ne5 15.
Qe2 Qa8 16. h3 Rb8 17. b3 Ra3 18. Rac1 Qa6 19. Qxa6 Rxa6 20. a4 Rb4 21. Rb1 Nd3
22. Nc4 Nd7 23. Nb5 Rxc4 24. bxc4 Rxa4 25. Rb3 Nb2 26. Nc3 Rb4 27. Rxb4 cxb4
28. Na2 Nxc4 29. Nxb4 Nxe3 30. fxe3 Nc5 31. Nc6 Bf6 32. e5 Bg5 33. Kh2 dxe5 34.
Nxe5 Bf6 35. Nc4 Kg7 36. Kg3 Ne4+ 37. Kf3 Nd6 38. Nxd6 exd6 39. Rb1 h5 40. Rb7
g5 41. g4 hxg4+ 42. hxg4 Be5 43. e4 Bd4 44. Ke2 Kf6 45. Kd3 Bc5 46. Rb1 Kg6 47.
e5 dxe5 48. Ke4 Bd4 49. d6 f5+ 50. gxf5+ Kf6 51. Rb8 1-0

[Event "42. Torneo Internacional de La Roda"]
[Site "La Roda ESP"]
[Date "2015.04.02"]
[Round "3.8"]
[White "Garza Marco, Sergio"]
[Black "Domingo Nunez, Alejandro"]
[Result "1/2-1/2"]
[WhiteElo "2415"]
[BlackElo "2185"]
[PlyCount "74"]
[EventDate "2015.04.01"]
[EventType "swiss"]
[EventRounds "9"]
[EventCountry "ESP"]
[Source "lmi"]
[SourceDate "2015.04.01"]

1. b3 c5 2. Bb2 d6 3. e3 Nd7 4. c4 Ngf6 5. g3 Rb8 6. Bg2 g6 7. Nc3 Bg7 8. Nge2
O-O 9. d4 b6 10. O-O a6 11. a4 Ne8 12. f4 Nc7 13. Ra2 Bb7 14. d5 Bc8 15. Qd3 b5
16. h3 bxc4 17. bxc4 Ne8 18. Rb1 Qa5 19. Raa1 Rb4 20. Nd1 Rxa4 21. Bc3 Bxc3 22.
Rxa4 Qxa4 23. Qxc3 Nb6 24. Nb2 Qa2 25. Qc2 Bd7 26. Nc3 Qa3 27. Bf1 Nf6 28. Nbd1
Na4 29. Rb3 Qa1 30. Rb1 Qa3 31. Rb3 Qa1 32. Rb1 Qa3 33. Rb3 Qa1 34. Rb1 Qa3 35.
Rb3 Qa1 36. Rb1 Qa3 37. Rb3 Qa1 1/2-1/2

[Event "42. Torneo Internacional de La Roda"]
[Site "La Roda ESP"]
[Date "2015.04.02"]
[Round "3.9"]
[White "Ortega Lopez, Mikel"]
[Black "Granero Roca, Antonio"]
[Result "1-0"]
[WhiteElo "2175"]
[BlackElo "2413"]
[PlyCount "81"]
[EventDate "2015.04.01"]
[EventType "swiss"]
[EventRounds "9"]
[EventCountry "ESP"]
[Source "lmi"]
[SourceDate "2015.04.01"]

1. e4 c5 2. Nf3 Nc6 3. d4 cxd4 4. Nxd4 g6 5. Nc3 Bg7 6. Be3 Nf6 7. Bc4 O-O 8.
Bb3 d6 9. h3 Nxd4 10. Bxd4 Be6 11. O-O Nd7 12. Bxg7 Kxg7 13. Qd4+ Kg8 14. Rfe1
Qb6 15. Rad1 Qxd4 16. Rxd4 Rfc8 17. Nd5 Kf8 18. c3 Ne5 19. Ne3 Nc6 20. Rd2 b5
21. Nc2 Bxb3 22. axb3 a5 23. Nd4 Nxd4 24. Rxd4 a4 25. e5 dxe5 26. Rxe5 Ra5 27.
Rd7 a3 28. bxa3 e6 29. c4 Ke8 30. Rb7 Rxa3 31. Rexb5 Ra1+ 32. Kh2 Raa8 33. c5
e5 34. b4 Ra2 35. f3 h5 36. R5b6 Rb2 37. c6 h4 38. b5 g5 39. Rb8 Kd8 40. R6b7
Rxb8 41. c7+ 1-0

[Event "42. Torneo Internacional de La Roda"]
[Site "La Roda ESP"]
[Date "2015.04.02"]
[Round "3.10"]
[White "Pilgaard, Kim"]
[Black "Rodriguez Garcia, Carlos"]
[Result "1/2-1/2"]
[WhiteElo "2386"]
[BlackElo "2154"]
[PlyCount "103"]
[EventDate "2015.04.01"]
[EventType "swiss"]
[EventRounds "9"]
[EventCountry "ESP"]
[Source "lmi"]
[SourceDate "2015.04.01"]

1. d4 d5 2. c4 c6 3. Nf3 Nf6 4. Nc3 dxc4 5. a4 Bf5 6. Ne5 Nbd7 7. Nxc4 Qc7 8.
g3 e5 9. dxe5 Nxe5 10. Bf4 Nfd7 11. Bg2 O-O-O 12. O-O g5 13. Ne3 gxf4 14. Nxf5
fxg3 15. hxg3 h5 16. Rc1 Nf6 17. Qc2 Kb8 18. Ne4 Nxe4 19. Qxe4 a5 20. Rfd1 Bb4
21. Qc2 Ng6 22. Rxd8+ Rxd8 23. Rd1 Rxd1+ 24. Qxd1 Qe5 25. Qd8+ Ka7 26. Nd4 Qd6
27. Qxd6 Bxd6 28. b3 h4 29. gxh4 Nxh4 30. Be4 Kb6 31. Kf1 Kc5 32. Nc2 b5 33. e3
Ng6 34. Ke2 bxa4 35. bxa4 Ne5 36. Nd4 Kb4 37. f4 Nc4 38. Bxc6 Nb2 39. Be8 f6
40. Kd2 Nxa4 41. Nc6+ Kc5 42. Nxa5 Nb6 43. Kd3 Bc7 44. Ke4 Kd6 45. Kf5 Nd5 46.
Nc4+ Kc5 47. Bf7 Kxc4 48. e4 Kd4 49. Bxd5 Ke3 50. e5 Bxe5 51. fxe5 fxe5 52.
Kxe5 1/2-1/2

[Event "42. Torneo Internacional de La Roda"]
[Site "La Roda ESP"]
[Date "2015.04.02"]
[Round "3.11"]
[White "Alcoba, Pablo Alejandro"]
[Black "Maier, Christian"]
[Result "0-1"]
[WhiteElo "2124"]
[BlackElo "2380"]
[PlyCount "129"]
[EventDate "2015.04.01"]
[EventType "swiss"]
[EventRounds "9"]
[EventCountry "ESP"]
[Source "lmi"]
[SourceDate "2015.04.01"]

1. e4 e6 2. d4 d5 3. Nd2 c5 4. exd5 exd5 5. dxc5 Bxc5 6. Ngf3 Nf6 7. Bd3 O-O 8.
O-O Nc6 9. Nb3 Bb6 10. h3 Qd6 11. Re1 Bxh3 12. gxh3 Qg3+ 13. Kh1 Qxh3+ 14. Nh2
Bxf2 15. Rg1 Bxg1 16. Kxg1 Qg3+ 17. Kh1 Rfe8 18. Bd2 Ne5 19. Qg1 Qxg1+ 20. Rxg1
Ne4 21. Be3 b6 22. Bd4 Re6 23. Rg2 g6 24. Be2 f5 25. Be3 Nc4 26. Bf4 Nf6 27.
Bc1 Kf7 28. Nd4 Ree8 29. Nhf3 Ne3 30. Rh2 Neg4 31. Rg2 h6 32. Bb5 Re4 33. Rd2
a6 34. Bd3 Ree8 35. Kg1 Ne4 36. Rg2 b5 37. c3 Kf6 38. Nc2 Nc5 39. Bf1 g5 40.
Rd2 Rad8 41. Rd1 Kg6 42. Nb4 Nf6 43. Nd4 Rd6 44. Bh3 f4 45. Bg2 Ne6 46. Nxe6
Rexe6 47. Nc2 Re8 48. Nd4 Rd7 49. Nc6 h5 50. Nb4 Rd6 51. a4 bxa4 52. c4 Rde6
53. Bd2 dxc4 54. Bc3 Ne4 55. Bxe4+ Rxe4 56. Nd5 R8e6 57. Nc7 Rc6 58. Nd5 Kf5
59. Nb4 Rce6 60. Nd5 h4 61. Nc7 Rc6 62. Ba5 h3 63. Nd5 Re2 64. Bc3 Rce6 65. Nc7
0-1

[Event "42. Torneo Internacional de La Roda"]
[Site "La Roda ESP"]
[Date "2015.04.02"]
[Round "3.12"]
[White "Martin Duque, Jesus"]
[Black "Laiz Ibanez, Hector"]
[Result "1-0"]
[WhiteElo "2377"]
[BlackElo "2098"]
[PlyCount "85"]
[EventDate "2015.04.01"]
[EventType "swiss"]
[EventRounds "9"]
[EventCountry "ESP"]
[Source "lmi"]
[SourceDate "2015.04.01"]

1. e4 e6 2. d4 d5 3. Nd2 Nf6 4. e5 Nfd7 5. Bd3 c5 6. c3 Nc6 7. Ne2 cxd4 8. cxd4
f6 9. exf6 Nxf6 10. O-O Bd6 11. Nf3 O-O 12. Bf4 Bxf4 13. Nxf4 Ng4 14. Qd2 Qf6
15. Nh5 Qh6 16. Qxh6 Nxh6 17. Ng3 a6 18. Rad1 Bd7 19. Rfe1 g6 20. Bc2 Rac8 21.
Bb3 Nf7 22. Nf1 Kg7 23. Ne3 h5 24. h4 Nd6 25. Ng5 Nb5 26. Ba4 Rf6 27. Bxb5 axb5
28. g3 Ra8 29. a3 Rff8 30. Ng2 Rfe8 31. Nf4 Kf6 32. Re3 Re7 33. Rde1 Rae8 34.
Nf3 Rc8 35. Kg2 Ra8 36. Ne5 Nxe5 37. Rxe5 Ree8 38. R1e3 Kg7 39. Rg5 Ra4 40.
Nxh5+ Kf7 41. Nf4 Rxd4 42. Nxg6 Bc6 43. Rf3+ 1-0

[Event "42. Torneo Internacional de La Roda"]
[Site "La Roda ESP"]
[Date "2015.04.02"]
[Round "3.13"]
[White "Suarez Gomez, Julio"]
[Black "Lopez Rivera, Jesus"]
[Result "1-0"]
[WhiteElo "2358"]
[BlackElo "2097"]
[PlyCount "103"]
[EventDate "2015.04.01"]
[EventType "swiss"]
[EventRounds "9"]
[EventCountry "ESP"]
[Source "lmi"]
[SourceDate "2015.04.01"]

1. e4 c5 2. Nf3 d6 3. d4 cxd4 4. Nxd4 Nf6 5. Nc3 a6 6. Be2 e5 7. Nb3 Be7 8. Be3
O-O 9. g4 h6 10. h4 Nh7 11. Nd5 Nd7 12. Nxe7+ Qxe7 13. Qd2 Nc5 14. Nxc5 dxc5
15. Qa5 b5 16. Qb6 Qb7 17. Qxb7 Bxb7 18. f3 Rfc8 19. a4 c4 20. axb5 axb5 21.
Kd2 Nf8 22. Kc3 Ne6 23. Rxa8 Bxa8 24. Kb4 Bc6 25. b3 Ra8 26. bxc4 Ra4+ 27. Kb3
bxc4+ 28. Bxc4 Kf8 29. Bd5 Bd7 30. c4 Ra5 31. Rc1 Nd4+ 32. Bxd4 exd4 33. c5 Ke7
34. c6 Bc8 35. Rd1 Kd6 36. Rxd4 Ke5 37. Ra4 Rb5+ 38. Rb4 Rc5 39. Rc4 Rb5+ 40.
Ka4 Rb1 41. Bxf7 Kf4 42. Rc3 Ke5 43. Bd5 Kd4 44. Rb3 Rc1 45. Kb5 Ke5 46. Kb6
Kd6 47. Rd3 g5 48. hxg5 hxg5 49. Bb3+ Ke7 50. Kc7 Ba6 51. Rd7+ Kf6 52. Kd6 1-0

[Event "42. Torneo Internacional de La Roda"]
[Site "La Roda ESP"]
[Date "2015.04.02"]
[Round "3.14"]
[White "Ramiro Ovejero, Juan Luis"]
[Black "Galiana Fernandez, Adrian"]
[Result "1-0"]
[WhiteElo "2345"]
[BlackElo "2082"]
[PlyCount "101"]
[EventDate "2015.04.01"]
[EventType "swiss"]
[EventRounds "9"]
[EventCountry "ESP"]
[Source "lmi"]
[SourceDate "2015.04.01"]

1. d4 Nf6 2. Nf3 e6 3. Bg5 h6 4. Bxf6 Qxf6 5. e4 d6 6. Nc3 Nd7 7. Bc4 c6 8. a4
e5 9. d5 Be7 10. a5 a6 11. Nd2 Qg6 12. g3 Bg5 13. h4 Bxd2+ 14. Qxd2 c5 15. h5
Qg5 16. Qxg5 hxg5 17. g4 Nf6 18. f3 g6 19. Kf2 gxh5 20. gxh5 Rxh5 21. Rxh5 Nxh5
22. Rh1 Nf6 23. Rh8+ Ke7 24. Na4 Rb8 25. Nb6 Ne8 26. Bf1 Bd7 27. Kg3 Rd8 28.
Bh3 Nf6 29. Rxd8 Kxd8 30. Bxd7 Nxd7 31. Nxd7 Kxd7 32. Kg4 Ke7 33. Kxg5 Kf8 34.
f4 exf4 35. Kxf4 Ke7 36. b3 Kf6 37. c4 Ke7 38. e5 dxe5+ 39. Kxe5 Kd7 40. Kf6
Ke8 41. d6 Kd7 42. Kxf7 Kxd6 43. Kf6 Kc7 44. Ke5 Kc8 45. Kd6 Kd8 46. Kxc5 Kc8
47. Kb6 Kb8 48. c5 Kc8 49. c6 Kb8 50. c7+ Kc8 51. b4 1-0

[Event "42. Torneo Internacional de La Roda"]
[Site "La Roda ESP"]
[Date "2015.04.02"]
[Round "3.15"]
[White "Cabezas Ayala, Ivan"]
[Black "Roldan Marques, Daniel"]
[Result "0-1"]
[WhiteElo "2342"]
[BlackElo "2021"]
[PlyCount "132"]
[EventDate "2015.04.01"]
[EventType "swiss"]
[EventRounds "9"]
[EventCountry "ESP"]
[Source "lmi"]
[SourceDate "2015.04.01"]

1. Nf3 d5 2. g3 Nf6 3. Bg2 e6 4. O-O b6 5. d3 Bb7 6. e4 dxe4 7. Nfd2 Nbd7 8.
dxe4 Ne5 9. Qe2 Ng6 10. Nc3 Be7 11. b3 h5 12. h4 Ng4 13. Bb2 O-O 14. Kh1 Bxh4
15. Rad1 Bf6 16. f3 N4e5 17. f4 Ng4 18. e5 Bxg2+ 19. Kxg2 Be7 20. Nde4 Qc8 21.
Rh1 Qb7 22. Qf3 Rab8 23. Rxh5 Nh6 24. Rhh1 Rfd8 25. Rxd8+ Bxd8 26. Nf2 Nf5 27.
Qxb7 Rxb7 28. Rd1 Ne3+ 29. Kf3 Nxd1 30. Ncxd1 Be7 31. Ne4 Rb8 32. Ne3 Rd8 33.
Ke2 Nf8 34. g4 Nd7 35. f5 Nc5 36. Nf2 Bg5 37. Nh3 Bxe3 38. Kxe3 exf5 39. gxf5
g6 40. fxg6 fxg6 41. Ng5 Re8 42. Kf3 Ne6 43. Ne4 Rd8 44. Ke2 Nd4+ 45. Bxd4 Rxd4
46. Ng5 Rd5 47. Nf3 Kf7 48. Ke3 Rd1 49. Ke4 c6 50. a4 a5 51. Ng5+ Ke7 52. Nf3
b5 53. Nd4 Rxd4+ 54. Kxd4 bxa4 55. bxa4 Ke6 56. Kc5 Kxe5 57. Kxc6 g5 58. c4 g4
59. c5 g3 60. Kb7 g2 61. c6 g1=Q 62. c7 Qb1+ 63. Ka7 Qc2 64. Kb7 Kd6 65. c8=Q
Qxc8+ 66. Kxc8 Kc5 0-1

[Event "42. Torneo Internacional de La Roda"]
[Site "La Roda ESP"]
[Date "2015.04.02"]
[Round "3.16"]
[White "Domingo Nunez, Ruben"]
[Black "Tejedor Fuente, Enrique"]
[Result "1-0"]
[WhiteElo "2086"]
[BlackElo "2328"]
[PlyCount "145"]
[EventDate "2015.04.01"]
[EventType "swiss"]
[EventRounds "9"]
[EventCountry "ESP"]
[Source "lmi"]
[SourceDate "2015.04.01"]

1. e4 c5 2. d4 cxd4 3. c3 dxc3 4. Nxc3 Nc6 5. Nf3 d6 6. Bc4 a6 7. O-O Nf6 8.
Bf4 e6 9. Qe2 b5 10. Bb3 Nh5 11. Be3 Be7 12. Nxb5 O-O 13. Nc3 Na5 14. Ba4 Bd7
15. e5 Bxa4 16. Nxa4 dxe5 17. Nxe5 Nf6 18. Nb6 Nd5 19. Nxa8 Qxa8 20. Rac1 Rd8
21. Qh5 g6 22. Qf3 f6 23. Nc4 Nxc4 24. Rxc4 Qb7 25. b3 Kf7 26. Rfc1 Qd7 27. Bc5
Re8 28. Rh4 h5 29. Qd3 Qb7 30. Qd2 g5 31. Rhc4 Rd8 32. Qc2 f5 33. Bxe7 Qxe7 34.
Rc8 Rd6 35. Qb2 Nf4 36. R8c7 Rd7 37. Rxd7 Qxd7 38. Qc2 Qd5 39. f3 Qd4+ 40. Kf1
Nd5 41. Qc8 Ne3+ 42. Ke2 Nd5 43. Qd7+ Kf6 44. Qd8+ Kg6 45. Qe8+ Kg7 46. Qd7+
Kf6 47. Qd8+ Kg6 48. Qg8+ Kh6 49. Qxe6+ Nf6 50. Qxf5 Qd6 51. Rc5 g4 52. Re5
gxf3+ 53. gxf3 Kg7 54. Qe6 Qd4 55. Rg5+ Kh8 56. Qc8+ Kh7 57. Qb7+ Nd7 58. Qe4+
Qxe4+ 59. fxe4 Kh6 60. Ra5 h4 61. Kf3 Kg7 62. Kf4 h3 63. Rxa6 Nc5 64. Rd6 Kf7
65. b4 Na4 66. Rc6 Ke7 67. b5 Nb2 68. b6 Nd3+ 69. Kg3 Ne5 70. Rc5 Nd3 71. b7
Nxc5 72. b8=Q Nxe4+ 73. Kxh3 1-0

[Event "42. Torneo Internacional de La Roda"]
[Site "La Roda ESP"]
[Date "2015.04.02"]
[Round "3.17"]
[White "Landa Monux, Josu"]
[Black "Jimenez Martinez, Jose Vicente"]
[Result "0-1"]
[WhiteElo "1999"]
[BlackElo "2301"]
[PlyCount "56"]
[EventDate "2015.04.01"]
[EventType "swiss"]
[EventRounds "9"]
[EventCountry "ESP"]
[Source "lmi"]
[SourceDate "2015.04.01"]

1. Nf3 g6 2. e4 d6 3. d4 Bg7 4. Nc3 Nf6 5. Be2 O-O 6. O-O c6 7. a4 Nbd7 8. e5
Ne8 9. Bf4 dxe5 10. dxe5 Nc7 11. h3 Ne6 12. Bg3 Qa5 13. b4 Qxb4 14. Qd3 Nf4 15.
Qe3 Nxe2+ 16. Nxe2 Nc5 17. Ned4 Ne6 18. Nxe6 Bxe6 19. Rfb1 Qc4 20. Rxb7 a5 21.
c3 c5 22. Rb5 Rfc8 23. Nd2 Qd5 24. c4 Qd4 25. Ra3 Rd8 26. Bf4 Qxe3 27. Bxe3
Bxe5 28. Ra2 Bxc4 0-1

[Event "42. Torneo Internacional de La Roda"]
[Site "La Roda ESP"]
[Date "2015.04.02"]
[Round "3.18"]
[White "Ibanez Aullana, Ramon"]
[Black "Lacruz Algarate, Alvaro"]
[Result "0-1"]
[WhiteElo "2288"]
[BlackElo "2016"]
[PlyCount "102"]
[EventDate "2015.04.01"]
[EventType "swiss"]
[EventRounds "9"]
[EventCountry "ESP"]
[Source "lmi"]
[SourceDate "2015.04.01"]

1. d4 d5 2. c4 e6 3. Nc3 Nf6 4. Nf3 Nbd7 5. e3 Be7 6. Bd3 a6 7. e4 dxc4 8. Bxc4
b5 9. Bd3 Bb7 10. e5 Nd5 11. a4 b4 12. Nxd5 Bxd5 13. a5 c5 14. Qe2 cxd4 15.
Nxd4 Nc5 16. Be3 Qc7 17. f4 Bh4+ 18. Bf2 Bxf2+ 19. Kxf2 Qa7 20. Qe3 O-O 21.
Rhd1 Rfd8 22. Nc2 Bb3 23. Nxb4 Bxd1 24. Rxd1 Nxd3+ 25. Rxd3 Qb7 26. Qb6 Qxb6+
27. axb6 Rxd3 28. Nxd3 Rb8 29. Ke3 Rxb6 30. Kd4 f6 31. Kc5 Rb3 32. Kc4 Rb5 33.
b4 Kf7 34. Nc5 Rb6 35. Ne4 Rc6+ 36. Kb3 fxe5 37. fxe5 h6 38. Ka4 Rc2 39. Ka5
Ra2+ 40. Kb6 Ra4 41. Kc5 Ke7 42. Nd6 Ra2 43. Kb6 Rxg2 44. Kxa6 Ra2+ 45. Kb7
Rxh2 46. b5 g5 47. b6 g4 48. Kc6 Rc2+ 49. Kb5 g3 50. b7 Rb2+ 51. Kc6 Rxb7 0-1

[Event "42. Torneo Internacional de La Roda"]
[Site "La Roda ESP"]
[Date "2015.04.02"]
[Round "3.19"]
[White "Moya Albaladejo, Jose Antonio"]
[Black "Bolos Gimeno, Domingo"]
[Result "1-0"]
[WhiteElo "1909"]
[BlackElo "1614"]
[PlyCount "65"]
[EventDate "2015.04.01"]
[EventType "swiss"]
[EventRounds "9"]
[EventCountry "ESP"]
[Source "lmi"]
[SourceDate "2015.04.01"]

1. d4 Nf6 2. Nf3 b6 3. g3 Bb7 4. Bg2 g6 5. O-O Bg7 6. c4 d6 7. Nc3 O-O 8. Re1
Nbd7 9. e4 e5 10. d5 h6 11. h3 a6 12. Be3 Nc5 13. Nd2 Bc8 14. Qc2 Nh7 15. b4
Nb7 16. Nb3 f5 17. exf5 gxf5 18. f4 Qf6 19. Rac1 Bd7 20. c5 bxc5 21. bxc5 Nd8
22. Qf2 Kh8 23. Kh2 Rg8 24. fxe5 dxe5 25. d6 c6 26. Na4 Ra7 27. Nb6 Qe6 28. Bf1
Ng5 29. Bxg5 hxg5 30. Bc4 Qh6 31. Bxg8 f4 32. Nxd7 Rxd7 33. Bc4 1-0

[Event "42. Torneo Internacional de La Roda"]
[Site "La Roda ESP"]
[Date "2015.04.02"]
[Round "3.20"]
[White "Morais, Vitor"]
[Black "Gonzalez, Raul Omar"]
[Result "1/2-1/2"]
[WhiteElo "1996"]
[BlackElo "2274"]
[PlyCount "104"]
[EventDate "2015.04.01"]
[EventType "swiss"]
[EventRounds "9"]
[EventCountry "ESP"]
[Source "lmi"]
[SourceDate "2015.04.01"]

1. Nc3 c5 2. Nf3 d6 3. d4 cxd4 4. Nxd4 g6 5. e4 Bg7 6. Bb5+ Bd7 7. Bxd7+ Qxd7
8. O-O Nc6 9. Nde2 Nf6 10. f3 O-O 11. Rb1 Rac8 12. b3 Rfd8 13. Bg5 h6 14. Bxf6
Bxf6 15. Nd5 Bg7 16. c4 e6 17. Ne3 Qe7 18. Qd2 Re8 19. Rbd1 Rcd8 20. Nc3 a6 21.
Kh1 Nd4 22. Nc2 Nxc2 23. Qxc2 Qc7 24. Nb1 d5 25. Rc1 dxe4 26. Qxe4 Rd4 27. Qe2
Red8 28. Rcd1 Qa5 29. Rxd4 Rxd4 30. g3 Qd8 31. Kg2 Qd7 32. Rc1 h5 33. Rc2 g5
34. Rd2 g4 35. Qd1 gxf3+ 36. Kxf3 Qc6+ 37. Kf2 Qe4 38. h4 Rxd2+ 39. Nxd2 Bd4+
40. Kf1 Qd3+ 41. Qe2 Qxg3 42. Nf3 Bf6 43. Qe4 b6 44. a4 Be7 45. Ke2 Kg7 46.
Qd4+ Bf6 47. Qxb6 Qf4 48. Qe3 Qf5 49. Qd3 Qc5 50. Qe3 Qa3 51. c5 Qb2+ 52. Kf1
Qb1+ 1/2-1/2

[Event "42. Torneo Internacional de La Roda"]
[Site "La Roda ESP"]
[Date "2015.04.03"]
[Round "4.1"]
[White "Suarez Gomez, Julio"]
[Black "Granda Zuniga, Julio E"]
[Result "0-1"]
[WhiteElo "2358"]
[BlackElo "2649"]
[PlyCount "66"]
[EventDate "2015.04.01"]
[EventType "swiss"]
[EventRounds "9"]
[EventCountry "ESP"]
[Source "lmi"]
[SourceDate "2015.04.01"]

1. e4 c5 2. Nf3 Nc6 3. d4 cxd4 4. Nxd4 e6 5. Nc3 Qc7 6. Be3 Nf6 7. Qd2 Bb4 8.
f3 d5 9. a3 Ba5 10. Ndb5 Qe7 11. b4 Bb6 12. Bf4 d4 13. Nd6+ Kf8 14. Nxc8 Rxc8
15. Na4 Bd8 16. g4 Nd7 17. Be2 h5 18. gxh5 e5 19. Bg3 Nf6 20. Kf2 Nxh5 21. c3
Qg5 22. Qxg5 Bxg5 23. b5 Be3+ 24. Kg2 Ne7 25. Bxe5 Ng6 26. Bd6+ Ke8 27. b6
Ngf4+ 28. Kf1 Ng3+ 29. Ke1 Ngxe2 30. bxa7 dxc3 31. Bb8 c2 32. Nc5 Rh5 33. e5
Rxc5 0-1

[Event "42. Torneo Internacional de La Roda"]
[Site "La Roda ESP"]
[Date "2015.04.03"]
[Round "4.2"]
[White "Kovchan, Alexander"]
[Black "Ramiro Ovejero, Juan Luis"]
[Result "1-0"]
[WhiteElo "2581"]
[BlackElo "2345"]
[PlyCount "69"]
[EventDate "2015.04.01"]
[EventType "swiss"]
[EventRounds "9"]
[EventCountry "ESP"]
[Source "lmi"]
[SourceDate "2015.04.01"]

1. e4 c6 2. Nc3 d5 3. Nf3 Bg4 4. Be2 Nf6 5. h3 Bxf3 6. Bxf3 e6 7. O-O Bb4 8. e5
Nfd7 9. d4 c5 10. Nxd5 exd5 11. Bxd5 Nc6 12. c3 Ba5 13. Qb3 Qb6 14. Bxf7+ Kf8
15. Qd5 cxd4 16. b4 Ndxe5 17. bxa5 Qxa5 18. Qxa5 Nxa5 19. Bd5 Rd8 20. Ba3+ Ke8
21. Bxb7 Kf7 22. Rfe1 Nac4 23. cxd4 Nd3 24. Ba6 Nxa3 25. Bxd3 Rxd4 26. Re3 Nc4
27. Rf3+ Ke6 28. Bxc4+ Rxc4 29. Re1+ Kd5 30. Rd3+ Kc5 31. Ra3 Ra8 32. Re7 a5
33. Rxg7 a4 34. Rxh7 Kb4 35. Rf3 1-0

[Event "42. Torneo Internacional de La Roda"]
[Site "La Roda ESP"]
[Date "2015.04.03"]
[Round "4.3"]
[White "Strikovic, Aleksa"]
[Black "Arias Igual, Alejandro"]
[Result "1-0"]
[WhiteElo "2522"]
[BlackElo "2274"]
[PlyCount "79"]
[EventDate "2015.04.01"]
[EventType "swiss"]
[EventRounds "9"]
[EventCountry "ESP"]
[Source "lmi"]
[SourceDate "2015.04.01"]

1. c4 e6 2. Nf3 d5 3. b3 Nf6 4. g3 Be7 5. Bg2 O-O 6. O-O c5 7. e3 Nc6 8. Bb2 d4
9. exd4 cxd4 10. Re1 Ne8 11. Na3 f6 12. Nc2 e5 13. d3 Nc7 14. Ba3 Bxa3 15. Nxa3
Ne6 16. Nc2 a5 17. Nd2 Kh8 18. Qe2 Bd7 19. a3 Qc7 20. b4 axb4 21. axb4 Rxa1 22.
Rxa1 b5 23. Qe4 Rb8 24. c5 g6 25. h4 Ne7 26. Ra6 Bc8 27. Ra8 Kg7 28. Rxb8 Qxb8
29. Qe2 Bb7 30. Ne4 Qa8 31. Ne1 Qa3 32. Qd2 Bxe4 33. c6 Bxg2 34. Kxg2 Nxc6 35.
Nc2 Qc3 36. Qe2 Nxb4 37. Nxb4 Qxb4 38. Qa2 Nd8 39. Qa7+ Kh6 40. Qe7 1-0

[Event "42. Torneo Internacional de La Roda"]
[Site "La Roda ESP"]
[Date "2015.04.03"]
[Round "4.4"]
[White "Jimenez Martinez, Jose Vicente"]
[Black "Starostits, Ilmars"]
[Result "1/2-1/2"]
[WhiteElo "2301"]
[BlackElo "2460"]
[PlyCount "95"]
[EventDate "2015.04.01"]
[EventType "swiss"]
[EventRounds "9"]
[EventCountry "ESP"]
[Source "lmi"]
[SourceDate "2015.04.01"]

1. d4 e6 2. c4 b6 3. Nf3 Nf6 4. g3 Ba6 5. b3 d5 6. Bg2 Bb4+ 7. Bd2 Be7 8. cxd5
exd5 9. O-O O-O 10. Nc3 c6 11. Ne5 Nfd7 12. Nxd5 cxd5 13. Nxf7 Rxf7 14. Bxd5
Ne5 15. Bxa8 Qxd4 16. Bf4 Rxf4 17. gxf4 Qxf4 18. Qd5+ Kh8 19. Qe4 Qxe4 20. Bxe4
Nbd7 21. Rfd1 Bxe2 22. Rxd7 Nxd7 23. Re1 Bg4 24. Bc6 Bf8 25. Re8 Kg8 26. Bd5+
Kh8 27. Rd8 g5 28. h3 Bxh3 29. Kh2 Bf5 30. Bc6 Kg7 31. Bxd7 Bb1 32. a4 Be7 33.
Rc8 Be4 34. Bc6 Bd6+ 35. Kg1 Bf5 36. Rd8 Bc5 37. a5 g4 38. Kf1 h5 39. a6 h4 40.
Ke2 Be6 41. Bd5 Be7 42. Re8 Kf7 43. Bxe6+ Kxe8 44. Bxg4 Bc5 45. f4 Ke7 46. Kd3
b5 47. Ke4 Kf6 48. Kd5 1/2-1/2

[Event "42. Torneo Internacional de La Roda"]
[Site "La Roda ESP"]
[Date "2015.04.03"]
[Round "4.5"]
[White "Roldan Marques, Daniel"]
[Black "Adla, Diego"]
[Result "1/2-1/2"]
[WhiteElo "2021"]
[BlackElo "2451"]
[PlyCount "58"]
[EventDate "2015.04.01"]
[EventType "swiss"]
[EventRounds "9"]
[EventCountry "ESP"]
[Source "lmi"]
[SourceDate "2015.04.01"]

1. d4 Nf6 2. c4 e6 3. Nf3 b6 4. g3 Ba6 5. b3 Bb7 6. Bg2 Bb4+ 7. Bd2 c5 8. O-O
O-O 9. a3 Bxd2 10. Nbxd2 cxd4 11. Nxd4 Bxg2 12. Kxg2 a6 13. e3 Ra7 14. Qf3 Qe7
15. Ne4 Nxe4 16. Qxe4 Rc8 17. Rfd1 g6 18. Qd3 Rac7 19. Ne2 Qc5 20. Rdc1 Nc6 21.
Nc3 Ne5 22. Qe2 Qe7 23. e4 b5 24. f4 Nc6 25. cxb5 Nd4 26. Qd1 Nxb5 27. Nxb5
axb5 28. Rxc7 Rxc7 29. Rc1 Rc6 1/2-1/2

[Event "42. Torneo Internacional de La Roda"]
[Site "La Roda ESP"]
[Date "2015.04.03"]
[Round "4.6"]
[White "Maier, Christian"]
[Black "Ortega Lopez, Mikel"]
[Result "1/2-1/2"]
[WhiteElo "2380"]
[BlackElo "2175"]
[PlyCount "58"]
[EventDate "2015.04.01"]
[EventType "swiss"]
[EventRounds "9"]
[EventCountry "ESP"]
[Source "lmi"]
[SourceDate "2015.04.01"]

1. e4 c5 2. Nf3 e6 3. d3 d5 4. Nbd2 Nc6 5. g3 g6 6. Bg2 Bg7 7. O-O Nge7 8. Re1
O-O 9. c3 b6 10. exd5 exd5 11. Nf1 Bb7 12. Bf4 Qd7 13. Qd2 d4 14. c4 Rae8 15.
h4 Nf5 16. N1h2 Nd8 17. g4 Ne7 18. Ne5 Qc8 19. Nef3 f5 20. g5 Nf7 21. Re2 Nc6
22. Rae1 Qd7 23. h5 Rxe2 24. Qxe2 Rd8 25. Nh4 Nce5 26. Bxb7 Qxb7 27. Bxe5 Bxe5
28. N2f3 Re8 29. Qf1 Qc6 1/2-1/2

[Event "42. Torneo Internacional de La Roda"]
[Site "La Roda ESP"]
[Date "2015.04.03"]
[Round "4.7"]
[White "Lacruz Algarate, Alvaro"]
[Black "Martin Duque, Jesus"]
[Result "0-1"]
[WhiteElo "2016"]
[BlackElo "2377"]
[PlyCount "68"]
[EventDate "2015.04.01"]
[EventType "swiss"]
[EventRounds "9"]
[EventCountry "ESP"]
[Source "lmi"]
[SourceDate "2015.04.01"]

1. e4 c5 2. Nf3 e6 3. c3 d5 4. e5 Nc6 5. d4 Bd7 6. a3 c4 7. Nbd2 Na5 8. Be2 Bc6
9. b4 cxb3 10. c4 Ne7 11. Bb2 Rc8 12. c5 Ba4 13. O-O Nec6 14. Nb1 Qd7 15. Nc3
Ne7 16. Bd3 a6 17. Ng5 h6 18. Qh5 g6 19. Qh3 Bg7 20. Nxe6 fxe6 21. Nxa4 Qxa4
22. Qxe6 Rc6 23. Qg4 Nc4 24. e6 Ne5 25. Qe2 Nxd3 26. Qxd3 O-O 27. Rae1 Qc4 28.
Qxc4 dxc4 29. Rc1 Rxe6 30. Rxc4 Nd5 31. g3 Re2 32. Bc1 b2 33. Bf4 g5 34. Bd6
Rfxf2 0-1